Представление документа в формате RUSMARC

ПолеНазваниеЗначение
  Тип записи a
  Библиографический уровень m
001 Контрольный номер RU/SLIB/B/208705599
005 Дата корректировки 20241023145358.3
010 Индекс ISBN __
d Цена 80-00
101 Язык документа __
a Язык текста rus
c Язык оригинала rus
200 Заглавие и сведения об ответственности 0_
a Заглавие Книга о русской дуэли
f Первые сведения об ответственности А. В. Востриков
b Общее обозначение материала Текст
210 Выходные данные __
a Место издания СПб.
c Издательство И. Лимбах
d Дата издания 1998
215 Физическое описание __
a Объем 280 с.
600 Персоналии __
a Персоналии (Фамилия) Якубович А. И.
c Дополнение к имени декабрист русский
f Даты 1796/1797-1845
g Полное имя Александр Иванович
600 Персоналии __
a Персоналии (Фамилия) Гагарин, Ф.
600 Персоналии __
a Персоналии (Фамилия) Екатерина
c Дополнение к имени императрица русская
f Даты 1729-1796
600 Персоналии __
a Персоналии (Фамилия) Екатерина Великая
600 Персоналии __
a Персоналии (Фамилия) Лунин М. С.
c Дополнение к имени революционер русский; декабрист русский
f Даты 1787-1845
g Полное имя Михаил Сергеевич
600 Персоналии __
a Персоналии (Фамилия) Новосильцев В.
600 Персоналии __
a Персоналии (Фамилия) Толстой, Ф.
600 Персоналии __
a Персоналии (Фамилия) Уваров Ф. П.
c Дополнение к имени военачальник русский
f Даты 1773-1824
g Полное имя Федор Петрович
600 Персоналии __
a Персоналии (Фамилия) Чернов К.
606 Тематические рубрики __
a Основная рубрика История
a Основная рубрика Россия в XVIII в. - 1917 г.
y Географическая подрубрика Россия
610 Ключевые слова __
a Ключевые слова социальные группы; дворянство; дуэли; дуэлянты; ритуалы; бретерство
686 Индексы других классификаций __
2 Код системы rubbks
a Классификационный индекс 63.3(2)5; ст63.3(2)5
700 Автор _1
a Фамилия Востриков
b Имя А. В.
4 Код отношения 070
801 Источник записи _0
a Страна RU
b Организация Муниципальное бюджетное учреждение культуры "Централизованная библиотечная система" г. Сургут (Центральная городская библиотека им. А. С. Пушкина)
g Правила каталогизации ОБ/Бутенко
801 Источник записи _1
a Страна RU
b Организация Муниципальное бюджетное учреждение культуры "Централизованная библиотечная система" г. Сургут (Центральная городская библиотека им. А. С. Пушкина)
g Правила каталогизации ОБ/Бутенко
852 Данные о местонахождении __
j Шифр хранения 63.3(2)5
c Каталожный индекс 63.3(2)5
i Авторский знак В 78
p Инвентарный номер 75695
901 Тип документа __
t Тип документа m
903 Характеристики (МАРС) __
a Дата передачи 20000621
990 Данные о заказе (DOS) 00
j Количество экземпляров (DOS) 6
t N записи в КСУ для И/У (DOS) 200001